000 00457nam a22001817a 4500
003 MPLRDC
005 20220104114104.0
008 210129b ||||| |||| 00| 0 eng d
020 _a962-447-302-5
082 _a848.3 LFY v.25 no.2
100 _a梁凤仪著
245 _a杀戮情缘. 下册
_c
260 _a
_b勤加缘出版社
_c
300 _b
490 _a梁凤仪小说系列;25
650 _a现代别集
942 _cBK
_o848.3 LFY v.25 no.2
999 _c4723
_d4713